000 00539nam a2200145Ia 4500
008 100204s9999 xx 000 0 und d
082 _b3693
100 _aअष्टीकर मंदाकिनी
245 _aआणि वणवा शांत झाला
260 _b"बांदोडकर पब्लिशिंग हाऊस, गोवा"
_c1981
300 _a216
630 _aआणि वणवा शांत झाला
730 _aआणि वणवा शांत झाला
942 _cBOOK
999 _c448599
_d448596